Statistiques concernant Les plus grandes villes des États-Unis • A-Z

Cliquez ici pour prendre le quiz!

Statistiques générales

  • Ce quiz a été pris 231 fois
  • Le résultat moyen est 12 sur 22

Statistiques - réponses

# Population Ville % Correct
N8,537,673New York
100%
L3,976,322Los Angeles
97%
C2,704,958Chicago
95%
B673,184Boston
87%
W681,170Washington
85%
D1,317,929Dallas
84%
H2,303,482Houston
80%
P1,615,017Phoenix
65%
I855,164Indianapolis
64%
S1,492,510San Antonio
58%
O638,367Oklahoma City
54%
K481,420Kansas City
54%
J880,619Jacksonville
53%
M652,717Memphis
47%
A947,890Austin
46%
E683,080El Paso
31%
F854,113Fort Worth
30%
R458,880Raleigh
28%
T530,706Tucson
25%
V452,602Virginia Beach
19%
G287,027Greensboro
6%
Y200,807Yonkers
5%

Distribution des résultats

Percentile par nombre de réponses

% des personnes avec chaque résultat

Votre développement - résultats

Vous n’avez pas pris ce quiz